000 00483nam a22001931a 4500
001 3936
003 OSt
005 20260204211909.0
008 050509s2004||||dr ||||||b||||||||||spa||
020 _a9993498416
050 _aRD 861.5 P213c
082 _aRD 808.81 P213c
100 _aPerdono, Miguel Anibal
245 _aLa colina del gato / Anibal Perdomo
264 _aSanto Domingo : Editorial Nacional
300 _a76 p
650 _aPoesías DominicanaÌ
942 _2ddc
_cBK
999 _c3936
_d3936